00366nam a2200133Ia 4500100001700000942000700017654001300024245003800037260003500075300000800110546001200118999001700130952008500147 aShanley/Tom  cBK aComputer aPower PC Systems Architecture bAddison WeslyaNew Delhic1995 a609 aENGLISH c21768d21768 001040708CRCaCRCEbCRCEd2023-03-17l0o p10411r2023-03-17w2023-03-17yBK